| 000 | 00792nam a2200217 a 4500 | ||
|---|---|---|---|
| 001 | 4004 | ||
| 003 | CDMR | ||
| 005 | 20151016125401.0 | ||
| 008 | 130130s1991||||||||||||||||||||||||||||d | ||
| 020 | _a8476658842 | ||
| 040 |
_aCDMR _bcat _cCDMR |
||
| 245 | 0 |
_aLibertad de expresión _b: anuario 1990 _cTeresa Freixes (coord.) ; Francesc de Carreras... [et al.] |
|
| 260 |
_aBarcelona _c1991 _bPromociones y Publicaciones Universitarias |
||
| 300 | _a205 p. | ||
| 650 | 0 | 4 |
_93073 _aLlibertat d'expressió |
| 650 | 0 | 4 |
_93370 _aMitjans de comunicació de massa _xDret i legislació |
| 700 | 1 |
_94381 _aFreixes Sanjuán, Teresa |
|
| 700 | 1 |
_94382 _aCarreras, Francesc de |
|
| 710 | 2 |
_93477 _aUniversitat Autònoma de Barcelona _b -- Departament de Ciències Polítiques i Dret Públic |
|
| 942 |
_cMON _2udc |
||
| 999 |
_c4004 _d4004 |
||